MARC details
| 000 -LEADER |
| fixed length control field |
05226nam a22008297a 4500 |
| 001 - CONTROL NUMBER |
| control field |
1554 |
| 003 - CONTROL NUMBER IDENTIFIER |
| control field |
FISKH |
| 005 - DATE AND TIME OF LATEST TRANSACTION |
| control field |
20230906145055.0 |
| 008 - FIXED-LENGTH DATA ELEMENTS--GENERAL INFORMATION |
| fixed length control field |
230906b cb ||||| |||| 00| 0 eng d |
| 020 ## - INTERNATIONAL STANDARD BOOK NUMBER |
| International Standard Book Number |
9781471139802 |
| 040 ## - CATALOGING SOURCE |
| Original cataloging agency |
YDX |
| Language of cataloging |
eng |
| Description conventions |
rda |
| Transcribing agency |
YDX |
| Modifying agency |
BDX |
| -- |
GK8 |
| -- |
SFR |
| -- |
JQW |
| -- |
FM0 |
| -- |
NYP |
| -- |
YDX |
| -- |
CWPCP |
| -- |
VP@ |
| -- |
OCLCF |
| -- |
IMD |
| -- |
UAB |
| -- |
PAU |
| -- |
IGA |
| -- |
TUL |
| -- |
VMI |
| -- |
WLU |
| -- |
W5F |
| -- |
COD |
| -- |
TXHLC |
| -- |
UPM |
| -- |
B@L |
| -- |
ON8 |
| -- |
QX7 |
| -- |
IHV |
| -- |
ON3 |
| -- |
ZAC |
| -- |
TCJ |
| -- |
OCLCQ |
| -- |
VKC |
| -- |
FMU |
| -- |
DYJ |
| -- |
CHVBK |
| -- |
OCLCO |
| -- |
GFC |
| -- |
CTU |
| -- |
OCL |
| -- |
GYG |
| -- |
OCLCA |
| -- |
BDP |
| -- |
OCLCQ |
| -- |
OCLCO |
| -- |
OCLCQ |
| -- |
OCLCO |
| -- |
DLC |
| -- |
FISKH |
| 042 ## - AUTHENTICATION CODE |
| Authentication code |
lccopycat |
| 043 ## - GEOGRAPHIC AREA CODE |
| Geographic area code |
aw----- |
| -- |
e-uk--- |
| -- |
n-us--- |
| 050 00 - LIBRARY OF CONGRESS CALL NUMBER |
| Classification number |
DS63.2.U5 |
| Item number |
B356 2018 |
| 082 04 - DEWEY DECIMAL CLASSIFICATION NUMBER |
| Classification number |
956.04 |
| Edition number |
23 |
| 082 04 - DEWEY DECIMAL CLASSIFICATION NUMBER |
| Classification number |
327.73056 |
| Edition number |
23 |
| 100 1# - MAIN ENTRY--PERSONAL NAME |
| Personal name |
Barr, James, |
| Dates associated with a name |
1976- |
| Relator term |
author. |
| 245 10 - TITLE STATEMENT |
| Title |
Lords of the desert : |
| Remainder of title |
Britain's struggle with America to dominate the Middle East / |
| Statement of responsibility, etc. |
James Barr author of a line in the sand |
| 246 30 - VARYING FORM OF TITLE |
| Title proper/short title |
Battle between the United States and Great Britain for supremacy in the modern Middle East |
| 264 #1 - PRODUCTION, PUBLICATION, DISTRIBUTION, MANUFACTURE, AND COPYRIGHT NOTICE |
| Place of production, publication, distribution, manufacture |
New York : |
| Name of producer, publisher, distributor, manufacturer |
Simon&Shuster, |
| Date of production, publication, distribution, manufacture, or copyright notice |
2019. |
| 264 #4 - PRODUCTION, PUBLICATION, DISTRIBUTION, MANUFACTURE, AND COPYRIGHT NOTICE |
| Date of production, publication, distribution, manufacture, or copyright notice |
©2018 |
| 300 ## - PHYSICAL DESCRIPTION |
| Extent |
401 pages : |
| Other physical details |
illustrations ; |
| Dimensions |
20 cm |
| 336 ## - CONTENT TYPE |
| Content type term |
text |
| Content type code |
txt |
| Source |
rdacontent |
| 337 ## - MEDIA TYPE |
| Media type term |
unmediated |
| Media type code |
n |
| Source |
rdamedia |
| 338 ## - CARRIER TYPE |
| Carrier type term |
volume |
| Carrier type code |
nc |
| Source |
rdacarrier |
| 386 ## - CREATOR/CONTRIBUTOR CHARACTERISTICS |
| Demographic group term |
Gender group: |
| Demographic group code |
gdr |
| Creator/contributor term |
Men |
| Source |
lcdgt |
| 386 ## - CREATOR/CONTRIBUTOR CHARACTERISTICS |
| Demographic group term |
Nationality/regional group: |
| Demographic group code |
nat |
| Creator/contributor term |
English |
| Source |
lcdgt |
| 386 ## - CREATOR/CONTRIBUTOR CHARACTERISTICS |
| Demographic group term |
Occupational/field of activity group: |
| Demographic group code |
occ |
| Creator/contributor term |
University and college faculty members |
| Source |
lcdgt |
| 504 ## - BIBLIOGRAPHY, ETC. NOTE |
| Bibliography, etc. note |
Includes bibliographical references (pages 429-442) and index. |
| 505 0# - FORMATTED CONTENTS NOTE |
| Formatted contents note |
Heading for Trouble (1941-1948). The beginning of the end -- The old imperialistic order -- Heading for trouble -- Sheep's eyes -- A pretty tough nut -- The Jewish problem -- Fight for Palestine -- Important Concessions (1947-1953). Eggs in one basket -- Exploring the wilder areas -- Going fifty-fifty -- An unfortunate turn -- Second fiddle -- Plotting Mosaddeq's downfall -- The man in the arena -- Descent to Suez (1953-1958). The gift of a gun -- Baghdad pact -- Overreach -- Ditching Nasser -- A sort of Jenkins' ear -- The Suez miscalculation -- Failed coups -- The year of revolutions -- Clinging On (1957-1967). Rebels on the Jebel -- Iraq and Kuwait -- Pandora's box -- Secret war -- Falling out. |
| 520 ## - SUMMARY, ETC. |
| Summary, etc. |
"Using newly declassified records and long-forgotten memoirs, including the diaries of a key British spy, James Barr tears up the conventional interpretation of this era in the Middle East, vividly portraying the tensions between London and Washington, and shedding an uncompromising light on the murkier activities of a generation of American and British diehards in the region, from the battle of El Alamein in 1942 to Britain's abandonment of Aden in 1967. Reminding us that the Middle East has always served as the arena for great power conflict, this is the tale of an internecine struggle in which Britain would discover that her most formidable rival was the ally she had assumed would be her closest friend"--Provided by publisher |
| 648 #7 - SUBJECT ADDED ENTRY--CHRONOLOGICAL TERM |
| Chronological term |
Since 1900 |
| Source of heading or term |
fast |
| 650 #7 - SUBJECT ADDED ENTRY--TOPICAL TERM |
| Topical term or geographic name entry element |
HISTORY |
| Geographic subdivision |
Europe |
| -- |
Great Britain |
| General subdivision |
20th Century. |
| Source of heading or term |
bisacsh |
| 650 #7 - SUBJECT ADDED ENTRY--TOPICAL TERM |
| Topical term or geographic name entry element |
HISTORY |
| General subdivision |
Middle East. |
| Source of heading or term |
bisacsh |
| 650 #7 - SUBJECT ADDED ENTRY--TOPICAL TERM |
| Topical term or geographic name entry element |
HISTORY |
| Geographic subdivision |
United States |
| General subdivision |
20th Century. |
| Source of heading or term |
bisacsh |
| 650 #7 - SUBJECT ADDED ENTRY--TOPICAL TERM |
| Topical term or geographic name entry element |
POLITICAL SCIENCE |
| General subdivision |
Geopolitics. |
| Source of heading or term |
bisacsh |
| 650 #7 - SUBJECT ADDED ENTRY--TOPICAL TERM |
| Topical term or geographic name entry element |
POLITICAL SCIENCE |
| General subdivision |
International Relations. |
| Source of heading or term |
bisacsh |
| 650 #7 - SUBJECT ADDED ENTRY--TOPICAL TERM |
| Topical term or geographic name entry element |
POLITICAL SCIENCE |
| General subdivision |
Terrorism. |
| Source of heading or term |
bisacsh |
| 650 #7 - SUBJECT ADDED ENTRY--TOPICAL TERM |
| Topical term or geographic name entry element |
Diplomatic relations. |
| Source of heading or term |
fast |
| Authority record control number or standard number |
(OCoLC)fst01907412 |
| 650 #7 - SUBJECT ADDED ENTRY--TOPICAL TERM |
| Topical term or geographic name entry element |
Politics and government. |
| Source of heading or term |
fast |
| Authority record control number or standard number |
(OCoLC)fst01919741 |
| 650 #7 - SUBJECT ADDED ENTRY--TOPICAL TERM |
| Topical term or geographic name entry element |
Aussenpolitik |
| Source of heading or term |
gnd |
| 651 #0 - SUBJECT ADDED ENTRY--GEOGRAPHIC NAME |
| Geographic name |
Middle East |
| General subdivision |
History |
| Chronological subdivision |
20th century. |
| 651 #0 - SUBJECT ADDED ENTRY--GEOGRAPHIC NAME |
| Geographic name |
Middle East |
| General subdivision |
Politics and government |
| Chronological subdivision |
1945- |
| 651 #0 - SUBJECT ADDED ENTRY--GEOGRAPHIC NAME |
| Geographic name |
Great Britain |
| General subdivision |
Foreign relations |
| Geographic subdivision |
United States. |
| 651 #0 - SUBJECT ADDED ENTRY--GEOGRAPHIC NAME |
| Geographic name |
United States |
| General subdivision |
Foreign relations |
| Geographic subdivision |
Great Britain. |
| 651 #0 - SUBJECT ADDED ENTRY--GEOGRAPHIC NAME |
| Geographic name |
Middle East |
| General subdivision |
Foreign relations |
| Geographic subdivision |
Great Britain. |
| 651 #0 - SUBJECT ADDED ENTRY--GEOGRAPHIC NAME |
| Geographic name |
Middle East |
| General subdivision |
Foreign relations |
| Geographic subdivision |
United States. |
| 651 #0 - SUBJECT ADDED ENTRY--GEOGRAPHIC NAME |
| Geographic name |
Great Britain |
| General subdivision |
Foreign relations |
| Geographic subdivision |
Middle East. |
| 651 #0 - SUBJECT ADDED ENTRY--GEOGRAPHIC NAME |
| Geographic name |
United States |
| General subdivision |
Foreign relations |
| Geographic subdivision |
Middle East. |
| 651 #0 - SUBJECT ADDED ENTRY--GEOGRAPHIC NAME |
| Geographic name |
United States |
| General subdivision |
Foreign relations |
| Chronological subdivision |
1945-1989. |
| 651 #0 - SUBJECT ADDED ENTRY--GEOGRAPHIC NAME |
| Geographic name |
Great Britain |
| General subdivision |
Foreign relations |
| Chronological subdivision |
1945- |
| 651 #6 - SUBJECT ADDED ENTRY--GEOGRAPHIC NAME |
| Geographic name |
Moyen-Orient |
| General subdivision |
Histoire |
| Chronological subdivision |
20e siècle. |
| 651 #6 - SUBJECT ADDED ENTRY--GEOGRAPHIC NAME |
| Geographic name |
Moyen-Orient |
| General subdivision |
Politique et gouvernement |
| Chronological subdivision |
1945- |
| 651 #6 - SUBJECT ADDED ENTRY--GEOGRAPHIC NAME |
| Geographic name |
Grande-Bretagne |
| General subdivision |
Relations extérieures |
| Geographic subdivision |
États-Unis. |
| 651 #6 - SUBJECT ADDED ENTRY--GEOGRAPHIC NAME |
| Geographic name |
États-Unis |
| General subdivision |
Relations extérieures |
| Geographic subdivision |
Grande-Bretagne. |
| 651 #6 - SUBJECT ADDED ENTRY--GEOGRAPHIC NAME |
| Geographic name |
Moyen-Orient |
| General subdivision |
Relations extérieures |
| Geographic subdivision |
Grande-Bretagne. |
| 651 #6 - SUBJECT ADDED ENTRY--GEOGRAPHIC NAME |
| Geographic name |
Moyen-Orient |
| General subdivision |
Relations extérieures |
| Geographic subdivision |
États-Unis. |
| 651 #6 - SUBJECT ADDED ENTRY--GEOGRAPHIC NAME |
| Geographic name |
États-Unis |
| General subdivision |
Relations extérieures |
| Geographic subdivision |
Moyen-Orient. |
| 651 #6 - SUBJECT ADDED ENTRY--GEOGRAPHIC NAME |
| Geographic name |
États-Unis |
| General subdivision |
Relations extérieures |
| Chronological subdivision |
1945-1989. |
| 651 #6 - SUBJECT ADDED ENTRY--GEOGRAPHIC NAME |
| Geographic name |
Grande-Bretagne |
| General subdivision |
Relations extérieures |
| Chronological subdivision |
1945- |
| 651 #7 - SUBJECT ADDED ENTRY--GEOGRAPHIC NAME |
| Geographic name |
Great Britain. |
| Source of heading or term |
fast |
| Authority record control number or standard number |
(OCoLC)fst01204623 |
| 651 #7 - SUBJECT ADDED ENTRY--GEOGRAPHIC NAME |
| Geographic name |
Middle East. |
| Source of heading or term |
fast |
| Authority record control number or standard number |
(OCoLC)fst01241586 |
| 651 #7 - SUBJECT ADDED ENTRY--GEOGRAPHIC NAME |
| Geographic name |
United States. |
| Source of heading or term |
fast |
| Authority record control number or standard number |
(OCoLC)fst01204155 |
| 651 #7 - SUBJECT ADDED ENTRY--GEOGRAPHIC NAME |
| Geographic name |
Grossbritannien |
| Source of heading or term |
gnd |
| 651 #7 - SUBJECT ADDED ENTRY--GEOGRAPHIC NAME |
| Geographic name |
MENA-Region |
| Source of heading or term |
gnd |
| 651 #7 - SUBJECT ADDED ENTRY--GEOGRAPHIC NAME |
| Geographic name |
USA |
| Source of heading or term |
gnd |
| 655 #7 - INDEX TERM--GENRE/FORM |
| Genre/form data or focus term |
History. |
| Source of term |
fast |
| Authority record control number or standard number |
(OCoLC)fst01411628 |
| 906 ## - LOCAL DATA ELEMENT F, LDF (RLIN) |
| a |
7 |
| b |
cbc |
| c |
copycat |
| d |
2 |
| e |
epcn |
| f |
20 |
| g |
y-gencatlg |
| 942 ## - ADDED ENTRY ELEMENTS (KOHA) |
| Source of classification or shelving scheme |
Dewey Decimal Classification |
| Koha item type |
Books |
| Suppress in OPAC |
No |